<?xml version="1.0" encoding="UTF-8"?>
<record
    xmlns:xsi="http://www.w3.org/2001/XMLSchema-instance"
    xsi:schemaLocation="http://www.loc.gov/MARC21/slim http://www.loc.gov/standards/marcxml/schema/MARC21slim.xsd"
    xmlns="http://www.loc.gov/MARC21/slim">

  <leader>02753nam a2200301 i 4500</leader>
  <controlfield tag="003">CSPC</controlfield>
  <controlfield tag="005">20250326104723.0</controlfield>
  <controlfield tag="008">240417b2023    ph a      ab  000 0 eng d</controlfield>
  <datafield tag="040" ind1=" " ind2=" ">
    <subfield code="c">CSPC</subfield>
    <subfield code="a">CSPC</subfield>
    <subfield code="b">eng</subfield>
    <subfield code="e">rda</subfield>
  </datafield>
  <datafield tag="090" ind1=" " ind2=" ">
    <subfield code="a">UTH ABELS Ar691d 2023</subfield>
  </datafield>
  <datafield tag="100" ind1="1" ind2=" ">
    <subfield code="a">Arrabe, John Carlo O.,</subfield>
    <subfield code="e">author.</subfield>
  </datafield>
  <datafield tag="245" ind1="1" ind2="0">
    <subfield code="a">Discourse markers in Bikol-Iriga : </subfield>
    <subfield code="b">A grammar sketch / </subfield>
    <subfield code="c">John Carlo O. Arrabe, Armella P. Mora, and Shaniah DG. Soriano</subfield>
  </datafield>
  <datafield tag="300" ind1=" " ind2=" ">
    <subfield code="a">111 leaves.</subfield>
  </datafield>
  <datafield tag="336" ind1=" " ind2=" ">
    <subfield code="a">text</subfield>
    <subfield code="2">rdacontent</subfield>
  </datafield>
  <datafield tag="337" ind1=" " ind2=" ">
    <subfield code="a">unmediated</subfield>
    <subfield code="2">rdamedia</subfield>
  </datafield>
  <datafield tag="338" ind1=" " ind2=" ">
    <subfield code="a">volume</subfield>
    <subfield code="2">rdacarrier</subfield>
  </datafield>
  <datafield tag="502" ind1=" " ind2=" ">
    <subfield code="a">Undergraduate Theses (ABELS) - English Language Studies.</subfield>
    <subfield code="c">Camarines Sur Polytechnic Colleges, 2023.</subfield>
  </datafield>
  <datafield tag="504" ind1=" " ind2=" ">
    <subfield code="a">Includes bibliographical references.</subfield>
  </datafield>
  <datafield tag="520" ind1="3" ind2=" ">
    <subfield code="a">This research focused on discovering and analysing the Bikol-Iriga dialect particularly Discourse Markers along with its types and functions. The main objective is to identify and uncover Bikol-Iriga dialect's different types and functions of discourse markers supported with Fung &amp; Carter's Macro level of Discourse Particles. The researchers utilized a qualitative research design through the responses of the native Irigue&#xF1;os. Transcribed responses were used and analyzed using descriptive content analysis. Furthermore, the researchers used AntConc as an appropriate tool in obtaining the frequency and the percentage of the gathered DMs. Glossing of example sentences were applied in this study. Upon the interview, it was determined that there are DMs present in the dialect under the four (4) types of discourse markers structural, referential, cognitive, and interpersonal. Structural discourse markers consist of su, puon, ya, ay, and kadto/kadtong particles. Referential discourse marker consists of kuwa/kuwan, dawa, kin, kinding, ta, and saka. While in the cognitive discourse markers; gayud, bagana/bana, baga, biyo, man/uman, baya, nganako, and ngani. Lastly, the interpersonal discourse markers consists hay naku, inayko, and ngaya. The researchers made a grammar guide in Bikol-Iriga titled "Grammar Guide: Bikol-Iriga", presenting the grammatical categories and uniqueness of the dialect. The researchers recommend that liguists from Bikol-Iriga continue to unfold the uniqueness of the dialect and proposed that language documentation should continue as it is an essential tool for communication.</subfield>
  </datafield>
  <datafield tag="700" ind1="1" ind2=" ">
    <subfield code="a">Mora, Armella P.,</subfield>
    <subfield code="e">author</subfield>
  </datafield>
  <datafield tag="700" ind1="1" ind2=" ">
    <subfield code="a">Soriano, Shaniah DG.,</subfield>
    <subfield code="e">author</subfield>
  </datafield>
  <datafield tag="720" ind1="1" ind2=" ">
    <subfield code="a">Martinez-Malaya, Janessa Angustia,</subfield>
    <subfield code="e">adviser</subfield>
  </datafield>
  <datafield tag="720" ind1="1" ind2=" ">
    <subfield code="a">Fajardo, Dan Fereth B.,</subfield>
    <subfield code="e">panelist, chair</subfield>
  </datafield>
  <datafield tag="720" ind1="1" ind2=" ">
    <subfield code="a">Pontillas, Marlon S.,</subfield>
    <subfield code="e">panelist</subfield>
  </datafield>
  <datafield tag="720" ind1="1" ind2=" ">
    <subfield code="a">Nachor, Herbert John N.,</subfield>
    <subfield code="e">panelist</subfield>
  </datafield>
  <datafield tag="942" ind1=" " ind2=" ">
    <subfield code="2">ddc</subfield>
    <subfield code="c">UM</subfield>
    <subfield code="n">0</subfield>
    <subfield code="h">ABELS</subfield>
    <subfield code="i">Ar691d</subfield>
    <subfield code="k">UTH</subfield>
    <subfield code="m">2023</subfield>
  </datafield>
  <datafield tag="952" ind1=" " ind2=" ">
    <subfield code="0">0</subfield>
    <subfield code="1">0</subfield>
    <subfield code="2">ddc</subfield>
    <subfield code="4">0</subfield>
    <subfield code="7">0</subfield>
    <subfield code="a">CSPC</subfield>
    <subfield code="b">CSPC</subfield>
    <subfield code="c">UTH</subfield>
    <subfield code="d">2024-04-17</subfield>
    <subfield code="l">0</subfield>
    <subfield code="o">UTH ABELS Ar691d 2023</subfield>
    <subfield code="p">006256UM</subfield>
    <subfield code="r">2024-04-17 00:00:00</subfield>
    <subfield code="w">2024-04-17</subfield>
    <subfield code="y">UM</subfield>
  </datafield>
  <datafield tag="999" ind1=" " ind2=" ">
    <subfield code="c">27476</subfield>
    <subfield code="d">27476</subfield>
  </datafield>
</record>
